Missing Word: Off to See the Wizard Quiz Stats

Quiz Updated Mar 2, 2016

Challenge
Share
Tweet
Embed
Score 0/20 Timer 02:00
3 Plays Today
Hint Word % Correct
__ Be or Not __ Be (1983)To(to)
99.7%
You've ___ Mail (1998)Got
98.7%
For __ Few Dollars More (1965)A
98.5%
Catch Me If ___ Can (2002)You
98.1%
Dude, Where's __ Car? (2000)My
95.9%
Alice Doesn't Live Here _______ (1974)Anymore
95.8%
______ Miss Sunshine (2006)Little
95.1%
How to Train ___ Dragon (2010)Your
94.3%
___ Be Home For Christmas (1998)I'll
94%
______ Woman (1990)Pretty
93.3%
Hint Word % Correct
__ the Name of the Father (1993)In
92.4%
___ Another Teen Movie (2001)Not
87.6%
The Man Who Knew ___ Little (1997)Too
87.5%
___ Shorty (1995)Get
84.6%
___ Day Afternoon (1975)Dog
83.4%
___ Loved You So Long (2008)I've
80.5%
_____ the Millers (2013)We're
76.3%
Mary ___ Max (2009)And
64.1%
______ City Bomber (1972)Kansas
60.2%
_______ Minnesota (1996)Feeling
55.6%

Today's Daily Dose

You're not logged in!

Compare scores with friends on all Sporcle quizzes.
Sign Up with Email
OR
Log In

You Might Also Like...

Show Comments

Extras

Top Quizzes Today


Score Distribution

Your Account Isn't Verified!

In order to create a playlist on Sporcle, you need to verify the email address you used during registration. Go to your Sporcle Settings to finish the process.